Loading...

Linear circuits /

Bibliographic Details
Main Author: Valkenburg, M. E., Van
Other Authors: Kinariwala, B. K.
Format: Printed Book
Language:English
Published: New Delhi Prentice-Hall, 1992
Subjects:
LEADER 00646cam a2200181 a 4500
005 20200810152823.0
008 811006s1982 njua 001 0 eng
082 0 0 |a 621.319/2  |b VAL 
100 1 |a Valkenburg, M. E., Van   |9 8044 
245 1 0 |a Linear circuits /  |c M.E. Van Valkenburg, B.K. Kinariwala. 
300 |a xiii, 427 p. :  |b ill. ;  |c 24 cm. 
653 |a Electric circuits, Linear. 
700 1 |a Kinariwala, B. K.  |9 4887 
942 |c BK  |6 _ 
260 |a New Delhi  |b Prentice-Hall,  |c 1992 
020 |a 0135367220  
999 |c 212784  |d 212784 
952 |0 0  |1 0  |2 ddc  |4 0  |6 6213192_VAL  |7 0  |9 271274  |a PHY  |b PHY  |d 2010-02-23  |o 621.319/2 VAL  |p PHY009998  |r 2010-02-23  |w 2010-02-23  |y BK